Repertorivm in lectvras

Wedi'i Gadw mewn:
Manylion Llyfryddiaeth
Prif Awdur: Rosate, Albericvs de (Awdur)
Fformat: Llyfr
Iaith:Lladin
Cyhoeddwyd: Bolonia Forni 1979
Cyfres:Opera Ivridica Rariora, 29
Pynciau:
Tagiau: Ychwanegu Tag
Dim Tagiau, Byddwch y cyntaf i dagio'r cofnod hwn!

MARC

LEADER 00000nam a2200000 a 4500
001 UCR2773
003 CL-VaPUC
008 980116e19790000IT |||||||||||||||||lat|d
082 0 4 |a 346.001  |b ROS  |2 21 
100 0 |a Rosate, Albericvs de  |e author  |9 401121 
245 1 0 |a Repertorivm in lectvras 
300 |a 182 p 
942 |c BK 
945 |d 19980116 00:00:00  |a cmena 
260 |a Bolonia  |b Forni  |c 1979 
650 0 |a Derecho civil  |9 255013 
650 0 |a Bibliografías   |9 257071 
650 0 |a Filosofía del derecho   |9 255050 
583 |a last modification  |c 19980116 00:00:00  |k Rodrigo Vera 
490 0 |a Opera Ivridica Rariora, 29 
999 |c 265902  |d 265900 
952 |0 0  |1 0  |4 0  |6 346_001000000000000_ROS_1979  |7 0  |8 DER_HIS  |9 297042  |a BIBDER  |b BIBDER  |d 2019-11-20  |i 1940295  |o 346.001 ROS 1979  |p 1940295  |r 2023-01-25  |w 2019-11-20  |x Ubicación 4to Piso  |y BK_X  |z Estos recursos deben solicitarse con anticipación  |k DER